Diagnóstico y tratamiento de la estirilidad humana (Record no. 59835)
[ view plain ]
| 000 -LEADER | |
|---|---|
| campo de control de longitud fija | 00711nam a2200181 i 4500 |
| 001 - NÚMERO DE CONTROL | |
| campo de control | 59835 |
| 003 - IDENTIFICADOR DE NÚMERO DE CONTROL | |
| campo de control | ES-MaACL |
| 007 - CAMPO FIJO DE DESCRIPCIÓN FÍSICA--INFORMACIÓN GENERAL | |
| campo de control de longitud fija | t| |
| 008 - DATOS DE LONGITUD FIJA--INFORMACIÓN GENERAL | |
| campo de control de longitud fija | 031031s1948 ag ||||1| spa d |
| 100 1# - ENTRADA PRINCIPAL--NOMBRE DE PERSONA | |
| Nombre de persona | Engle, T. Earl. |
| 9 (RLIN) | 47235 |
| 245 10 - MENCIÓN DEL TÍTULO | |
| Título | Diagnóstico y tratamiento de la estirilidad humana |
| Resto del título | : conferencias / |
| Mención de responsabilidad, etc. | T. Earl Engle ; colaboradores: William H. Cary ... [et al.] ; traducido por José Enrique Mosquera y Luis Máximo Becú. |
| 260 ## - PUBLICACIÓN, DISTRIBUCIÓN, ETC. | |
| Lugar de publicación, distribución, etc. | Buenos Aires : |
| Nombre del editor, distribuidor, etc. | A. Bini y Cia, |
| Fecha de publicación, distribución, etc. | 1948 ( |
| Fabricante | Ferrari Hnos.) |
| 300 ## - DESCRIPCIÓN FÍSICA | |
| Extensión | 264 p., 12 lám. : |
| Otras características físicas | il. ; |
| Dimensiones | 23 cm. |
| 700 1# - ENTRADA AGREGADA--NOMBRE PERSONAL | |
| Nombre de persona | Cary, William H. |
| 9 (RLIN) | 35979 |
| 700 1# - ENTRADA AGREGADA--NOMBRE PERSONAL | |
| Nombre de persona | Mosquera, José Enrique. |
| 9 (RLIN) | 83780 |
| 700 1# - ENTRADA AGREGADA--NOMBRE PERSONAL | |
| Nombre de persona | Becú, Luis Máximo. |
| 9 (RLIN) | 26982 |
| 852 ## - LOCALIZACIÓN | |
| Ubicación | ES-MaACL |
| Número de control de estantería | E-1635 |
| Sublocalización o colección | R.28619 |
| Estatus retirado | Estado de pérdida | Estado de daño | No para préstamo | Biblioteca de origen | Biblioteca actual | Ubicación en estantería | Fecha de adquisición | Fuente de adquisición | Total de préstamos | Signatura topográfica completa | Código de barras | Visto por última vez | Precio de reemplazo | Tipo de ítem Koha |
|---|---|---|---|---|---|---|---|---|---|---|---|---|---|---|
| Biblioteca del Ateneo de Madrid | Biblioteca del Ateneo de Madrid | Depósito 2 | 17/01/2008 | E-1635 | 1062755 | 23/02/2023 | 23/02/2023 | Libro impreso |
